ពន្ឋុភាពនៃតំនពូជលើពេលវេលាចេញផ្កា និង កំពស់ដើមរបស់ស្រូវ (genetic heritability in the timing of flowering and plant height in rice) (Record no. 423)

000 -LEADER
fixed length control field 00589nam a22001577a 4500
003 - CONTROL NUMBER IDENTIFIER
control field OSt
005 - DATE AND TIME OF LATEST TRANSACTION
control field 20150914105131.0
008 - FIXED-LENGTH DATA ELEMENTS--GENERAL INFORMATION
fixed length control field 150914b xxu||||| |||| 00| 0 eng d
040 ## - CATALOGING SOURCE
Transcribing agency RUA
082 ## - DEWEY DECIMAL CLASSIFICATION NUMBER
Classification number AGR HOE 2000 B022 Or.1
100 ## - MAIN ENTRY--PERSONAL NAME
9 (RLIN) 445
Personal name HOEU, SOKUN.
245 ## - TITLE STATEMENT
Title ពន្ឋុភាពនៃតំនពូជលើពេលវេលាចេញផ្កា និង កំពស់ដើមរបស់ស្រូវ (genetic heritability in the timing of flowering and plant height in rice)
260 ## - PUBLICATION, DISTRIBUTION, ETC. (IMPRINT)
Place of publication, distribution, etc. Phnom Penh
Name of publisher, distributor, etc. RUA
Date of publication, distribution, etc. 2000
300 ## - PHYSICAL DESCRIPTION
Extent 58p.
Other physical details ill.
Dimensions 29cm.
942 ## - ADDED ENTRY ELEMENTS (KOHA)
Source of classification or shelving scheme
Koha item type AGR
Holdings
Price effective from Date last seen Permanent Location Not for loan Date acquired Source of classification or shelving scheme Koha item type Barcode Lost status Damaged status Shelving location Withdrawn status Current Location Full call number
2015-09-142015-09-14Library Block B 2015-09-14 AGRRUA001627  B022 Library Block BAGR HOE 2000 B022 Or.1
2015-09-142015-09-14Library Block B 2015-09-14 AGRRUA001879  B022 Library Block BAGR HOE 2000 B022 Or.2
2015-09-142015-09-14Library Block B 2015-09-14 AGRRUA001807  B022 Library Block BAGR HOE 2000 B022 Or.3
2015-09-142015-09-14Library Block B 2015-09-14 AGRRUA001663  B022 Library Block BAGR HOE 2000 B022 Or.4
2015-09-142015-09-14Library Block B 2015-09-14 AGRRUA001795  B022 Library Block BAGR HOE 2000 B022 Or.5
2015-09-142015-09-14Library Block B 2015-09-14 AGRRUA001867  B022 Library Block BAGR HOE 2000 B022 Or.6
មជ្ឈមណ្ឌលឯការនៃសាកលវិទ្យាល័យភូមិន្ទកសិកម្មចំការដូង

Powered by Koha